00501 a2200205 4500260001000000630003000010037001300040650002800053100002400081260001000105245006500115300001100180650002900191260000900220300000900229100000700238037001200245700002000257020001800277 aParis a658 - Gestion commerciale b1, Achat a6 - SCIENCES APPLIQUEES aQuinn, James Brian  bDunod aL'entreprise intelligente : savoir, services et technologie  a513 p. aEntreprise : stratégie c1994 b24cm lFr aDe 8442 aMeyer, Isabelle a2 10 002212 1